000 00530nam a2200193Ia 4500
005 20250326141723.0
008 250326s9999 xx 000 0 und d
020 _a81-204-0104-2
037 _aTextbook
040 _aFMSL
_beng
_cFMSL
041 _aeng
_2eng
084 _aX:97y7 N0
_qFMSL
100 _aVerma P
_9744952
245 0 _aManagement of industrial relations
_cVerma P
260 _aNew Delhi
_bNew Delhi, Oxfords IBH
_c1990
300 _a525p
942 _cTB
_hX:97y7 N0
999 _c1291651
_d1291651